000 00992nam a22002657a 4500
005 20170530143814.0
010 _a1617EN ENG-116837
020 _a9788126562688
_c499.00
035 _a1617EN
035 _aB-650975-1006
035 _aEN-100369
035 _aB-667477
037 _bBSB
037 _bDBAD/PUB
082 _a000
245 _aSBI PO exam goalpost:
_bmains (phase-II) /
260 _c2016
_aNew Delhi
_bJohn Wiley
270 _a4435-36/7, Ansari Road,Daryaganj
_bNew Delhi
_e110002
300 _c25cm(pbk)
_axvi,744p
_bill.
500 _aincludes index
500 _aBig Book
942 _cEN
_2ddc
_h000
_mSBI
999 _c101873
_d101873